| 000 | 00810nam a22002417a 4500 | ||
|---|---|---|---|
| 005 | 20170124110250.0 | ||
| 010 | _aA-808606 | ||
| 020 | _c00.00 | ||
| 035 | _aA-808606 | ||
| 037 | _bCen Lib/Ret | ||
| 040 |
_aDPL _bEN |
||
| 082 |
_a301.153 _bJAF |
||
| 100 |
_aJafa, Manorama _998681 |
||
| 245 |
_aGandhi : _cby Manorama Jafa ; illustrated by Deepak Harichandan _bthe man of pece / |
||
| 260 |
_aDelhi _bRatna Sagar _c1995 |
||
| 270 |
_bDelhi _aVirat bhawan, Nukherji nagar _e110009 |
||
| 300 |
_a95p. : _c21cm(Hb) _bill. |
||
| 500 | _aIncludes bibliographical references and index | ||
| 650 |
_aPolitical science -- Novelist -- Biography _998682 |
||
| 650 |
_aPolitical leader -- Biography _989256 |
||
| 700 |
_aHarichandan, Deepak _998683 |
||
| 942 |
_2ddc _cEN _h301.153 _mJAF |
||
| 999 |
_c135833 _d135833 |
||